| Tag |
First Indicator |
Second Indicator |
Subfields |
| LEADER |
00000cam a2200000 i 4500 |
| 001 |
in00003536039 |
| 005 |
20211120173050.0 |
| 006 |
m o d f |
| 007 |
cr cn||||||||| |
| 008 |
150513s2010 vauab ob f000 0 eng c |
| 035 |
|
|
|a (OCoLC)ocn908858249
|
| 040 |
|
|
|a GPO
|b eng
|e rda
|e pn
|c GPO
|d MvI
|d UtOrBLW
|
| 042 |
|
|
|a pcc
|
| 043 |
|
|
|a n-us-fl
|
| 049 |
|
|
|a WWW
|
| 074 |
|
|
|a 0624-B-02 (online)
|
| 086 |
0 |
|
|a I 19.42/4-4:2010-5115
|
| 100 |
1 |
|
|a Verdi, Richard Jay,
|e author.
|
| 245 |
1 |
0 |
|a Hydrologic conditions in Florida during water year 2008 /
|c by Richard J. Verdi [and three others] ; prepared as part of the U.S. Geological Survey Cooperative Water Program and the National Streamflow Information Program.
|
| 264 |
|
1 |
|a Reston, Virginia :
|b U.S. Department of the Interior, U.S. Geological Survey,
|c 2010.
|
| 300 |
|
|
|a 1 online resource (viii, 52 pages) :
|b color illustrations, color maps.
|
| 336 |
|
|
|a text
|b txt
|2 rdacontent
|
| 337 |
|
|
|a computer
|b c
|2 rdamedia
|
| 338 |
|
|
|a online resource
|b cr
|2 rdacarrier
|
| 490 |
1 |
|
|a Scientific investigations report ;
|v 2010-5115
|
| 500 |
|
|
|a Title from title screen (viewed on May 13, 2015).
|
| 504 |
|
|
|a Includes bibliographical references (page 52).
|
| 650 |
|
0 |
|a Hydrology
|z Florida.
|
| 650 |
|
7 |
|a Hydrology.
|2 fast
|0 (OCoLC)fst00965147
|
| 651 |
|
7 |
|a Florida.
|2 fast
|0 (OCoLC)fst01205150
|
| 710 |
2 |
|
|a Geological Survey (U.S.),
|e issuing body.
|
| 710 |
2 |
|
|a Cooperative Water Program (Geological Survey),
|e sponsoring body.
|
| 710 |
2 |
|
|a National Streamflow Information Program (Geological Survey (U.S.)),
|e sponsoring body.
|
| 776 |
0 |
8 |
|i Print version:
|a Verdi, Richard J.
|t Hydrologic conditions in Florida during water year 2008
|w (OCoLC)664837737
|
| 830 |
|
0 |
|a Scientific investigations report ;
|v 2010-5115.
|
| 856 |
4 |
0 |
|u https://purl.fdlp.gov/GPO/gpo57443
|t 0
|
| 999 |
|
|
|a MARS
|
| 999 |
f |
f |
|s 68a533a3-cc60-3767-9861-e0e74dc17342
|i 1d1736c7-4aa1-36ec-a556-bca3ba913869
|t 0
|
| 952 |
f |
f |
|a Texas A&M University
|b College Station
|c Electronic Resources
|d Available Online
|t 0
|e I 19.42/4-4:2010-5115
|h Superintendent of Documents classification
|
| 998 |
f |
f |
|a I 19.42/4-4:2010-5115
|t 0
|l Available Online
|